| 000 | 00861nam a22002297a 4500 | ||
|---|---|---|---|
| 999 |
_c13169 _d13169 |
||
| 003 | MIRAKIL | ||
| 005 | 20190418114425.0 | ||
| 008 | 190418b tu ||||| |||| 00| 0 tur d | ||
| 020 | _a9786053327486 | ||
| 040 |
_aTR-AnCHP _cTR-AnCHP |
||
| 041 | _atur | ||
| 082 |
_a843.8 _bD85s 2016 |
||
| 100 |
_aDumas, Alexandre _d1802-1870 |
||
| 245 | 1 | 0 |
_aSainte-Hermine şövalyesi / _cAlexandre Dumas ; Fransızca aslından çeviren: Haldun Bayrı |
| 260 |
_aİstanbul : _bTürkiye İş Bankası Kültür Yayınları, _c2016. |
||
| 300 |
_avii, 1089 s. ; _c22 sm. |
||
| 490 | 0 |
_aTürkiye İş Bankası Kültür Yayınları ; _aHasan Âli Yücel klasikler dizisi ; _vGenel yayın : 3545 _x279. |
|
| 500 | _aÖzgün yapıtadı: Le chevalier de Sainte-Hermine | ||
| 650 | 0 |
_95051 _aFransız Edebiyatı _xRoman |
|
| 700 |
_95633 _aBayrı, Haldun _eçev. |
||
| 942 |
_2ddc _cBKS |
||